000
00222 a2200097 4500
001
38403
100
_a
Stone N
245
_a
The management and practice of P.R
260
_a
G Br
_b
Macmillan
_c
1995
090
_c
24389
_d
24389
942
_a
NUST-CAE
_c
M
_c
15990
999
_c
273476
_d
273476